000 00790nam0a22002651 4500
001 v19\rc\1872892
005 20251118180245.1
035 _a(NLR Aleph) 004963720
090 _a6011151
_c6011151
100 _a20080221d1910 u y0rusy50 ca
101 0 _arus
102 _aRU
105 _ay z |||||
200 1 _aЗачем я мальчик уродился
_eПодкандальные песни
210 _aМосква
_cМаксимов
_d1910
215 _aXVI с.
_d18
225 1 _aПесни каторжан
300 _aСодержание сборников различное
801 0 _aRU
_bNLR
_gpsbo
801 0 _aRU
_bRuMoRGB
_2psbo
801 1 _aRU
_bProSoft-M
_2rusmarc
852 _aNLR
_j34.48.8.524
899 _aRuMoRGB
_jW 302/471
942 _cBOOK
980 _aNB